000 01035nam a22003377a 4500
003 CHAP
005 20220329143734.0
008 110517s1979 mx a r 00010 spa d
010 _a101200
011 _a102172
020 _a968432393X
035 _a112860
040 _cCHAP
082 0 4 _a930.10972
_bB45
100 0 0 _aBernal, Ignacio.
_911916
245 1 0 _aHistoria de la arqueología en México
_c/por Ignacio Bernal
260 _aMéxico, D.F. :
_bPorrúa,
_c1979
300 _a208 p. :
_bilus.
590 _aBATCH-UPD
_b10
_c20130110
_lUCH01
_h1020
590 _aBATCH-UPD
_b10
_c20130410
_lUCH01
_h0626
590 _aBATCH-UPD
_b10
_c20130914
_lUCH01
_h0609
590 _aCONVERSION
_b10
_c20130109
_lUCH01
_h1356
650 1 4 _aArqueología
_97342
650 1 4 _aCódices.
_927680
650 1 4 _aManuscritos.
_970726
650 1 4 _aMéxico
_xHistoria
_xEpoca prehispánica.
_976759
650 1 4 _aMuseos.
_979875
901 _aBK
942 _cLIBRO
949 _a930.10972 B45
_bBC
_cLIBRO
_d33724002255157
_eLIBRO
_h114923
_i112860
_si
999 _c101200
_d101200